Statistics for Noble Gases

Click here to take the quiz!

General Stats

  • This quiz has been taken 20,884 times
  • The average score is 4 of 6

Answer Stats

# Symbol Element % Correct
2HeHelium
93%
10NeNeon
88%
18ArArgon
79%
54XeXenon
73%
36KrKrypton
57%
86RnRadon
57%

Score Distribution

Percentile by Number Answered

Percent of People with Each Score

Your Score History

You have not taken this quiz